Business Statistics: Communicating with Numbers/ (Record no. 207375)

MARC details
000 -LEADER
fixed length control field 00683nam a22002057a 4500
005 - DATE AND TIME OF LATEST TRANSACTION
control field 20241203155655.0
010 ## - LCCN (DPL NO)
LC control number ENG-142796
020 ## - INTERNATIONAL STANDARD BOOK NUMBER
International Standard Book Number 9789355329752
Terms of availability 1125.00
035 ## - SYSTEM CONTROL NUMBER
System control number EN-126328
037 ## - SOURCE OF ACQUISITION
Source of stock number/acquisition DBAD
082 ## - DEWEY DECIMAL CLASSIFICATION NUMBER
Classification number 519.5
Edition number 4
100 ## - MAIN ENTRY--PERSONAL NAME
Personal name Jaggia, Sanjiv
245 ## - TITLE STATEMENT
Title Business Statistics: Communicating with Numbers/
Statement of responsibility, etc by Sanjiv Jaggia [and] Alison Kelly
250 ## - EDITION STATEMENT
Edition statement 4
260 ## - PUBLICATION, DISTRIBUTION, ETC. (IMPRINT)
Place of publication, distribution, etc Chennai
Name of publisher, distributor, etc McGraw Hill Education Private Ltd
Date of publication, distribution, etc 2024
270 ## - ADDRESS
Address Anjana Complex No. 5/90 A, Butt Road, St Thomas Mount
City Chennai
Postal code 600016
300 ## - PHYSICAL DESCRIPTION
Extent xxix,770p.
Dimensions 28cm(pb)
Other physical details Index
700 ## - ADDED ENTRY--PERSONAL NAME
Personal name Kelly, Alison
Relator term Author
9 (RLIN) 74605
942 ## - ADDED ENTRY ELEMENTS (KOHA)
Source of classification or shelving scheme Dewey Decimal Classification
Item type English Books
Call number suffix JAG
Classification part 519.5
Edition 4
Holdings
Withdrawn status Lost status Not for loan Collection code Home library Current library Date acquired Source of acquisition Cost, normal purchase price Full call number Barcode Copy number Cost, replacement price Koha item type
      Non-fiction Central Library Central Library 03/12/2024 Delivery of Books Act Division 1125.00 JAG 519.5 EN-126328 1 1125.00 English Books

© Delhi Public Library
Hit Counter
free hit counter